Tennis - Men's Singles Career Titles - Statistics

General Stats
  • This quiz has been taken 146 times
  • The average score is 15 of 25
Answer Stats
Hint Answer % Correct
103 Roger Federer
100%
92 Rafael Nadal
99%
96 Novak Djokovic
98%
64 Pete Sampras
89%
46 Andy Murray
88%
60 Andre Agassi
86%
66 Bjorn Borg
80%
77 John McEnroe
79%
109 Jimmy Connors
77%
94 Ivan Lendl
74%
72 Rod Laver
74%
49 Boris Becker
73%
41 Stefan Edberg
66%
33 Mats Wilander
60%
44 Arthur Ashe
54%
41 John Newcombe
45%
64 Ilie Nastase
44%
62 Guillermo Vilas
43%
48 Stan Smith
38%
40 Ken Rosewall
33%
44 Thomas Muster
29%
26 Yevgeny Kafelnikov
23%
34 Manuel Orantes
11%
28 Tom Okker
3%
25 Brian Gottfried
1%
No matching quizzes found
Score Distribution
Percent of People with Each Score
Percentile by Number Answered
Your Score History
You have not taken this quiz